What's the deal? (Record no. 83540)
[ view plain ]
| 000 -LEADER | |
|---|---|
| fixed length control field | 00852cab a22002175a 4500 |
| 001 - CONTROL NUMBER | |
| control field | L154222 |
| 008 - FIXED-LENGTH DATA ELEMENTS--GENERAL INFORMATION | |
| fixed length control field | 111103e20111029xxk 000 0 eng d |
| 035 ## - SYSTEM CONTROL NUMBER | |
| System control number | (Sirsi) u154222 |
| 041 0# - LANGUAGE CODE | |
| Language code of text/sound track or separate title | eng |
| 110 2# - MAIN ENTRY--CORPORATE NAME | |
| Corporate name or jurisdiction name as entry element | Cooper, Andrew |
| 245 00 - TITLE STATEMENT | |
| Title | What's the deal? |
| 260 ## - PUBLICATION, DISTRIBUTION, ETC. | |
| Date of publication, distribution, etc. | 2011 |
| 490 ## - SERIES STATEMENT | |
| Series statement | Estates Gazette |
| Volume/sequential designation | (1143) 29 October 2011, 69-77(8) |
| 520 ## - SUMMARY, ETC. | |
| Summary, etc. | Includes information about the Green Deal and whether it is part of an approach that will lead to long term energy saving. Also features discussion about sustainable buildings and why it would be better to tax them at a lower rate and what the National Planning Policy Framework means for sustainable development. |
| 590 ## - LOCAL NOTE (RLIN) | |
| Local note | KA |
| 651 #4 - SUBJECT ADDED ENTRY--GEOGRAPHIC NAME | |
| Geographic name | United Kingdom |
| 690 ## - LOCAL SUBJECT ADDED ENTRY--TOPICAL TERM (OCLC, RLIN) | |
| Topical term or geographic name as entry element | BUILT ENVIRONMENT-SUSTAINABLE CONSTRUCTION |
| 700 1# - ADDED ENTRY--PERSONAL NAME | |
| Personal name | Braithwaite, P. |
| 700 1# - ADDED ENTRY--PERSONAL NAME | |
| Personal name | Bartlett, David |
| 942 ## - ADDED ENTRY ELEMENTS (KOHA) | |
| Suppress in OPAC | 0 |
| Withdrawn status | Lost status | Source of classification or shelving scheme | Damaged status | Not for loan | Home library | Current library | Shelving location | Date acquired | Total Checkouts | Full call number | Barcode | Date last seen | Copy number | Price effective from | Koha item type |
|---|---|---|---|---|---|---|---|---|---|---|---|---|---|---|---|
| Dewey Decimal Classification | London | London | Journal article | 03/11/2011 | L154222 | 154222-1001 | 06/08/2019 | 1 | 06/08/2019 | Journal article |